Estudio del autógrafo de "El Héroe" graciano (Record no. 180099)

MARC details
000 -LEADER
campo de control de longitud fija 00963nam a22002171 4500
001 - NÚMERO DE CONTROL
campo de control 180099
003 - IDENTIFICADOR DE NÚMERO DE CONTROL
campo de control ES-MaACL
005 - FECHA Y HORA DE LA ÚLTIMA TRANSACCIÓN
campo de control 20250909203512.0
008 - DATOS DE LONGITUD FIJA--INFORMACIÓN GENERAL
campo de control de longitud fija 120417s1946 sp |||| | spa d
080 ## - NÚMERO DE LA CLASIFICACIÓN DECIMAL UNIVERSAL
Número de la Clasificación Decimal Universal 821.134.2 Gracián, Baltasar 7 Héroe.07
100 1# - ENTRADA PRINCIPAL--NOMBRE DE PERSONA
Nombre de persona Romera-Navarro, Miguel.
9 (RLIN) 99294
245 10 - MENCIÓN DEL TÍTULO
Título Estudio del autógrafo de "El Héroe" graciano
Resto del título : (ortografía, correcciones y estilo) /
Mención de responsabilidad, etc. por Miguel Romera-Navarro.
260 ## - PUBLICACIÓN, DISTRIBUCIÓN, ETC.
Lugar de publicación, distribución, etc. Madrid :
Nombre del editor, distribuidor, etc. Consejo Superior de Investigaciones Científicas, Patronato "Menéndez y Pelayo", Instituto "Antonio de Nebrija",
Fecha de publicación, distribución, etc. 1946 (
Fabricante Imp. S. Aguirre)
300 ## - DESCRIPCIÓN FÍSICA
Extensión 232 p., 1 h. de lám. facs. ;
Dimensiones 26 cm.
490 1# - MENCIÓN DE SERIE
Mención de serie Anejos de la "Revista de filología española" ;
Designación de volumen o secuencia 34
600 14 - PUNTO DE ACCESO ADICIONAL DE MATERIA--NOMBRE DE PERSONA
Nombre de persona Gracián, Baltasar,
Fechas asociadas al nombre 1601-1658
9 (RLIN) 59478
710 2# - ENTRADA AGREGADA--NOMBRE DE ENTIDAD CORPORATIVA
Nombre de entidad corporativa o nombre de jurisdicción como elemento de entrada Instituto Antonio de Nebrija.
9 (RLIN) 4795
830 1# - PUNTO DE ACCESO ADICIONAL DE SERIE-TÍTULO UNIFORME
Título uniforme Anejos de la "Revista de filología española" ;
Designación de volumen o secuencia 34
9 (RLIN) 191161
852 4# - LOCALIZACIÓN
Ubicación ES-MaACL
Número de control de estantería E-15382
Holdings
Estatus retirado Estado de pérdida Estado de daño No para préstamo Biblioteca de origen Biblioteca actual Ubicación en estantería Fecha de adquisición Fuente de adquisición Total de préstamos Signatura topográfica completa Código de barras Visto por última vez Precio de reemplazo Tipo de ítem Koha
        Biblioteca del Ateneo de Madrid Biblioteca del Ateneo de Madrid Depósito 2 17/04/2012     E-15382 1189235 23/02/2023 23/02/2023 Libro impreso